| 000 | 00509cam a2200205ua 4500 | ||
|---|---|---|---|
| 020 | _c$18 | ||
| 041 |
_aeng _h |
||
| 082 |
_a822 _bCON/WI |
||
| 100 | _aCongreve, William . | ||
| 245 |
_aWilliam Congreve / _cWilliam Congreve. _hTextual Documents |
||
| 260 |
_aLondon : _bEarnest Benn Ltd , _c1961. |
||
| 300 | _a437 ; . | ||
| 365 | _a$18 | ||
| 440 | 0 |
_aThe Mermaid Series, _v _x; |
|
| 490 | 0 |
_aThe Mermaid Series, _v _x; |
|
| 504 | _a | ||
| 942 | _cBK | ||
| 999 |
_c503 _d503 |
||